<?xml version="1.0" encoding="UTF-8"?>
<record
    xmlns:xsi="http://www.w3.org/2001/XMLSchema-instance"
    xsi:schemaLocation="http://www.loc.gov/MARC21/slim http://www.loc.gov/standards/marcxml/schema/MARC21slim.xsd"
    xmlns="http://www.loc.gov/MARC21/slim">

  <leader>00889nam a22002297a 4500</leader>
  <controlfield tag="003">NALT</controlfield>
  <controlfield tag="005">20231008162112.0</controlfield>
  <controlfield tag="008">231008b        th ||||| |||| 00| 0 eng d</controlfield>
  <datafield tag="020" ind1=" " ind2=" ">
    <subfield code="a">9788776940232</subfield>
  </datafield>
  <datafield tag="040" ind1=" " ind2=" ">
    <subfield code="a">NALT</subfield>
  </datafield>
  <datafield tag="050" ind1=" " ind2=" ">
    <subfield code="a">DS 555.7</subfield>
    <subfield code="b">I93C 2008</subfield>
  </datafield>
  <datafield tag="100" ind1="1" ind2=" ">
    <subfield code="9">61789</subfield>
    <subfield code="a">Ivarsson, Soren.</subfield>
  </datafield>
  <datafield tag="245" ind1="1" ind2="0">
    <subfield code="a">Creating Laos :</subfield>
    <subfield code="b">the making of a Lao space between Indochina and Siam, 1860-1945 /</subfield>
    <subfield code="c">Soren Ivarsson.</subfield>
  </datafield>
  <datafield tag="260" ind1=" " ind2=" ">
    <subfield code="a">Copenhagen :</subfield>
    <subfield code="b">NIAS Press,</subfield>
    <subfield code="c">2008</subfield>
  </datafield>
  <datafield tag="300" ind1=" " ind2=" ">
    <subfield code="a">238 p. :</subfield>
    <subfield code="b">ill., maps ;</subfield>
    <subfield code="c">23 cm.</subfield>
  </datafield>
  <datafield tag="505" ind1="2" ind2=" ">
    <subfield code="a">The colonial encounter -- Thai discourses on history and race -- Roads, history, religion and language, 1893-1940 -- The campaign for a national 're-awakening, ' 1941-1945 -- Setting Laos free from the French.</subfield>
  </datafield>
  <datafield tag="650" ind1=" " ind2="4">
    <subfield code="9">39235</subfield>
    <subfield code="a">Nationalism</subfield>
  </datafield>
  <datafield tag="651" ind1=" " ind2="4">
    <subfield code="9">16898</subfield>
    <subfield code="a">Laos </subfield>
    <subfield code="x">History</subfield>
  </datafield>
  <datafield tag="850" ind1=" " ind2=" ">
    <subfield code="a">NALT</subfield>
  </datafield>
  <datafield tag="942" ind1=" " ind2=" ">
    <subfield code="2">lcc</subfield>
    <subfield code="c">GB</subfield>
  </datafield>
  <datafield tag="996" ind1=" " ind2=" ">
    <subfield code="a">kornsiririn.r</subfield>
    <subfield code="b">CATSTF	</subfield>
    <subfield code="c">2023-10-08</subfield>
  </datafield>
  <datafield tag="999" ind1=" " ind2=" ">
    <subfield code="c">103679</subfield>
    <subfield code="d">103679</subfield>
  </datafield>
  <datafield tag="998" ind1=" " ind2=" ">
    <subfield code="h">7560</subfield>
    <subfield code="j">7560</subfield>
    <subfield code="k"> &#xE01;&#xE23;&#xE28;&#xE34;&#xE23;&#xE34;&#xE23;&#xE34;&#xE19;&#xE17;&#xE23;&#xE4C;  &#xE23;&#xE31;&#xE15;&#xE19;&#xE2A;&#xE38;&#xE20;&#xE32;</subfield>
  </datafield>
  <datafield tag="952" ind1=" " ind2=" ">
    <subfield code="0">0</subfield>
    <subfield code="1">0</subfield>
    <subfield code="2">lcc</subfield>
    <subfield code="4">0</subfield>
    <subfield code="7">0</subfield>
    <subfield code="8">CSEN</subfield>
    <subfield code="a">NALT</subfield>
    <subfield code="b">NALT</subfield>
    <subfield code="c">GEN</subfield>
    <subfield code="d">2023-10-08</subfield>
    <subfield code="l">0</subfield>
    <subfield code="o">DS 555.7 I93C 2008</subfield>
    <subfield code="p">0100006677001</subfield>
    <subfield code="r">2023-12-27 00:00:00</subfield>
    <subfield code="w">2023-10-08</subfield>
    <subfield code="y">GB</subfield>
  </datafield>
</record>
